El nadador
সংরক্ষণ করুন:
| প্রধান লেখক: | |
|---|---|
| বিন্যাস: | গ্রন্থ |
| ভাষা: | স্প্যানিশ |
| প্রকাশিত: |
Santiago
Aguilar Chilena Ediciones Ltda
1995
|
| বিষয়গুলি: | |
| ট্যাগগুলো: |
ট্যাগ যুক্ত করুন
কোনো ট্যাগ নেই, প্রথমজন হিসাবে ট্যাগ করুন!
|
MARC
| LEADER | 00000nam a2200000 a 4500 | ||
|---|---|---|---|
| 001 | UCU2995 | ||
| 003 | CL-VaPUC | ||
| 008 | 960502e19950000CL |||||||||||||||||spa|d | ||
| 082 | 0 | 4 | |a Ch863 |b CON |2 21 |
| 100 | 0 | |a Contreras, Gonzalo |e author |9 359643 | |
| 245 | 1 | 3 | |a El nadador |
| 300 | |a 314 p | ||
| 942 | |c BK | ||
| 945 | |d 19960502 00:00:00 |a rbrito | ||
| 260 | |a Santiago |b Aguilar Chilena Ediciones Ltda |c 1995 | ||
| 650 | 0 | |a Novelas chilenas |9 265425 | |
| 583 | |a last modification |c 19960502 00:00:00 |k Rodrigo Vera | ||
| 999 | |c 247143 |d 247141 | ||
| 952 | |0 0 |1 0 |4 0 |6 CH_863_000000000000000_CON_1995 |7 0 |8 A |9 262781 |a BIBCUR |b BIBCUR |d 2019-11-19 |i 319633K |o Ch863 CON 1995 |p 319633K |r 2025-04-22 |w 2019-11-19 |y BK |k PER | ||